Villes du Monde en H - Statistiques

Statistiques générales
  • Ce quiz a été pris 122 fois
  • Le résultat moyen est 7 sur 10
Statistiques - réponses
Pays Population Ville % Correct
Finlande 1,5M Helsinki
98%
Allemagne 1,9M Hambourg
92%
Cuba 2,1M La Havane
89%
Vietnam 8,8M Hanoï
84%
États-Unis ( Hawaï ) 344K Honolulu
76%
États-Unis 2,4M Houston
59%
Japon 1,1M Hiroshima
58%
Chine ( R.A.S) 7,4M Hong Kong
52%
Zimbabwe 1,5M Harare
51%
Chine 10.6M Harbin
6%
Aucun quiz correspondant
Distribution des résultats
% des personnes avec chaque résultat
Percentile par nombre de réponses
Votre historique - résultats
Vous n’avez pas pris ce quiz